Akordeonové etudy 3 pro 5. ročník lidových škol umění.

Uložené v:
Podrobná bibliografia
Hlavní autori: Ondruš, Ján, 1932-2000, Dikánová, Marcela (Author)
Médium: Hudobnina
Jazyk:Czech
Vydané: Praha : Supraphon, 1979.
Vydanie:4. vydání
Fyzický popis: 27 strán.
Tagy: Pridať tag
Žiadne tagy, Buďte prvý kto otaguje tento záznam!

MARC

LEADER 00000ncm a2200000#i#4500
001 000735708
005 20250825144807.0
008 250825s1979 xr e 000 0 cze d
020 |q (brožované)  |c Kčs 8,00 
040 |a SVKK  |b slo  |c SVKK  |e rda 
100 1 |a Ondruš, Ján,  |d 1932-2000 
245 1 0 |a Akordeonové etudy 3 pro 5. ročník lidových škol umění. 
250 |a 4. vydání 
264 1 |a Praha :  |b Supraphon,  |c 1979. 
300 |a 27 strán. 
336 |a zápis hudby  |b ntm  |2 rdacontent 
337 |a bez média  |b n  |2 rdamedia 
338 |a zväzok  |b nc  |2 rdacarrier 
500 |a Záznam revízie 
700 1 |a Dikánová, Marcela  |4 aut 
910 |a svkkk 
998 |a MU 
090 |g SCKHL  |k Sklad Pribinova 3. posch.  |a V.117825  |j 597397  |i 2721178753  |s Povinný výt.